Human Rights Quarterly (Record no. 1862)
[ view plain ]
| 000 -LEADER | |
|---|---|
| fixed length control field | 00469nam a22001337a 4500 |
| 008 - FIXED-LENGTH DATA ELEMENTS--GENERAL INFORMATION | |
| fixed length control field | 230620b xxu||||| |||| 00| 0 eng d |
| 082 ## - DEWEY DECIMAL CLASSIFICATION NUMBER | |
| Classification number | 323.40 |
| Item number | HOP |
| 110 ## - MAIN ENTRY--CORPORATE NAME | |
| Subordinate unit | The Johns Hopkins University press |
| 245 ## - TITLE STATEMENT | |
| Title | Human Rights Quarterly |
| Remainder of title | A comparative and International Journal of the Social Sciences, Humanities, and Law |
| Statement of responsibility, etc. | volume 15 |
| 260 ## - PUBLICATION, DISTRIBUTION, ETC. (IMPRINT) | |
| Name of publisher, distributor, etc. | The Johns Hopkins University press |
| Date of publication, distribution, etc. | 1993 |
| 300 ## - PHYSICAL DESCRIPTION | |
| Extent | 861p |
| 440 ## - SERIES STATEMENT/ADDED ENTRY--TITLE | |
| Number of part/section of a work | Number 4 |
| Volume/sequential designation | Volume 15 |
| International Standard Serial Number | 02750392 |
| 942 ## - ADDED ENTRY ELEMENTS (KOHA) | |
| Source of classification or shelving scheme | Dewey Decimal Classification |
| Koha item type | Books |
| Withdrawn status | Lost status | Source of classification or shelving scheme | Damaged status | Not for loan | Home library | Current library | Date acquired | Total Checkouts | Full call number | Barcode | Date last seen | Price effective from | Koha item type |
|---|---|---|---|---|---|---|---|---|---|---|---|---|---|
| Dewey Decimal Classification | County Hall Archives | County Hall Archives | 06/20/2023 | 323.40 HOP | 10002623 | 06/20/2023 | 06/20/2023 | Books |
